Cookery for Beginners/ (Record no. 206167)

MARC details
000 -LEADER
fixed length control field 00649nam a22002057a 4500
005 - DATE AND TIME OF LATEST TRANSACTION
control field 20241008144645.0
010 ## - LCCN (DPL NO)
LC control number ENG-141962
020 ## - INTERNATIONAL STANDARD BOOK NUMBER
International Standard Book Number 9789357942867
Terms of availability 895.00
035 ## - SYSTEM CONTROL NUMBER
System control number EN-125494
037 ## - SOURCE OF ACQUISITION
Source of stock number/acquisition DBAD
082 ## - DEWEY DECIMAL CLASSIFICATION NUMBER
Classification number 641.5954
100 ## - MAIN ENTRY--PERSONAL NAME
Personal name Gupta, Seema
245 ## - TITLE STATEMENT
Title Cookery for Beginners/
Statement of responsibility, etc by Seema Gupta
250 ## - EDITION STATEMENT
Edition statement 1
260 ## - PUBLICATION, DISTRIBUTION, ETC. (IMPRINT)
Place of publication, distribution, etc New Delhi
Name of publisher, distributor, etc V&S Publishers
Date of publication, distribution, etc 2020
270 ## - ADDRESS
City New Delhi
Postal code 110002
Address F-2/16, Ansari road, Daryaganj,
Electronic mail address www.vspublishers.com
Telephone number 23240026
300 ## - PHYSICAL DESCRIPTION
Extent 476p.
Dimensions 24cm(pb)
500 ## - GENERAL NOTE
General note A Comprehensive Cookery Course Book for Youngster & Newbies
942 ## - ADDED ENTRY ELEMENTS (KOHA)
Source of classification or shelving scheme Dewey Decimal Classification
Item type English Books
Classification part 641.5954
Call number suffix GUP
Holdings
Withdrawn status Lost status Not for loan Collection code Home library Current library Date acquired Source of acquisition Cost, normal purchase price Full call number Barcode Copy number Cost, replacement price Koha item type
    Not For Loan Non-fiction D.B.Act.Division D.B.Act.Division 08/10/2024 Delivery of Books Act Division 895.00 641.5954 GUP EN-125494 1 895.00 English Books

© Delhi Public Library
Hit Counter
free hit counter